000 00472nam a2200181Ia 4500
005 20260402152708.0
008 231207s9999 xx 000 0 und d
020 _a9788171679133
040 _cPK-LaNCA
082 _aFTV 891.51
_bOMA
100 _aOmar Khayyam
245 0 _aRubaiyat of Omar Khayyam
260 _bRupa and Co.
_aNew Delhi
_c2002
300 _a100p
546 _aEnglish
650 _aPersian poetry--Translation. English poetry. FTV.
942 _cF&TV
999 _c20896
_d20896